000
00242nam a22000857a 4500
008
160920b xxu||||| |||| 00| 0 eng d
100
_9
666
_a
Singhal.J.P.etal
245
_a
Social Science Work Map-VIII
260
_a
New Delhi
_b
Amanda Publications
_c
2011
999
_c
3323
_d
3323